000
00255nam a22001217a 4500
008
170923b xxu||||| |||| 00| 0 eng d
041
_a
eng
080
_a
37
100
_a
46
101
_a
EDU
245
_a
WRITING FOR LIFE
_c
HENRY, D.J
942
_2
udc
_c
BK
999
_c
29343
_d
29343